| 000 | 00947cam a22003011 4500 | ||
|---|---|---|---|
| 001 | 24391 | ||
| 003 | BD-RjUL | ||
| 005 | 20211209001038.0 | ||
| 008 | 140313s1951 enkbfj b 001 0 eng d | ||
| 035 | _a(BD-RjUL)24457 | ||
| 035 | _a(OCoLC)411708 | ||
| 040 |
_aDLC _cODaWU _dOCoLC _dNcRS _dOCoLC _dUk _dDLC _dBD-RjUL _beng |
||
| 041 | _aeng | ||
| 082 |
_a934 _bTAG 1950 |
||
| 100 | 1 |
_aTarn, W. W. _q(William Woodthorpe), _d1869-1957. _975092 |
|
| 245 | 1 | 4 |
_aThe Greeks in Bactria & India / _cW. W. Tarn, |
| 250 | _a2d ed. | ||
| 260 |
_aCambridge : _bUniversity Press, _c1951. |
||
| 300 |
_axxiii, 561 p. : _bplate, 3 fold. maps, geneal. table. ; _c25 cm. |
||
| 504 | _aBibliography: p. [xv]-xviii. and Index | ||
| 650 | 0 |
_aGreeks _zIndia. _975093 |
|
| 650 | 0 |
_aHellenism. _975094 |
|
| 651 | 0 |
_aIndia _xHistory _yTo 324 B.C. _96158 |
|
| 651 | 0 |
_aBactria _xHistory. _975095 |
|
| 942 |
_2ddc _cBK |
||
| 999 |
_c24391 _d24391 |
||